000 00320nam a22001217a 4500
008 181127b xxu||||| |||| 00| 0 eng d
041 _aeng
080 _a043.3
100 _a0
101 _aMTH-MBE
245 _aRoli dhe funksioni i bankës qendrore të Kosovës në stabilitetin financiar
_cHoxha,A
942 _2udc
_cBK
999 _c52582
_d52582